| 000 | 00888nam a2200181Ia 4500 | ||
|---|---|---|---|
| 008 | 100921s9999 xx 000 0 und d | ||
| 082 |
_b42481 _a294.563 थ 77 |
||
| 100 | _aकेळकर द्वारकानाथ वासुदेव. | ||
| 245 | _aसमर्थ रामदास नंदादीप? नव्हे दीपस्तंभ !. | ||
| 260 |
_bपुणे विद्यार्थीगृह प्रकाशन,पुणे. _c1977 |
||
| 300 |
_a132 _b--- |
||
| 365 | _b12 | ||
| 520 | _aधर्म-संत संहित्य. | ||
| 630 | _aसमर्थ रामदास नंदादीप? नव्हे दीपस्तंभ !. | ||
| 650 | _aधर्म-संत संहित्य. | ||
| 730 | _aसमर्थ रामदास नंदादीप? नव्हे दीपस्तंभ !. | ||
| 942 | _cBOOK | ||
| 999 |
_c791594 _d791591 |
||